A mentira cabeluda (Record no. 15481)

MARC details
000 -LÍDER
campo de controle de tamanho fixo 00352 a2200157 4500
001 - NÚMERO DE CONTROLE
campo de controle 15481
020 ## - ISBN - INTERNATIONAL STANDARD BOOK NUMBER
ISBN - International Standard Book Number 978851607296
040 ## - FONTE DA CATALOGAÇÃO
Instituição que transcreveu o registro Anchieta - Bela Vista
100 ## - ENTRADA PRINCIPAL--NOME PESSOAL
Nome pessoal Bandeira, Pedro
240 10 - TÍTULO UNIFORME
Título uniforme A mentira cabeluda
Idioma da obra por
245 10 - TÍTULO
Título A mentira cabeluda
300 ## - DESCRIÇÃO FÍSICA
Extensão 23 p.
362 0# - DATAS DE PUBLICAÇÃO E/OU DESIGNAÇÃO SEQUENCIAL
Datas de publicação e/ou designação sequencial 2012
650 #4 - ASSUNTO--TERMO TÓPICO
Cabeçalho tópico ou nome geográfico Literatura infanto-juvenil
942 ## - ELEMENTOS DE ENTRADA ADICIONADOS (KOHA)
Tipo de material Koha Livros
Holdings
Situação do descarte Situação das perdas Situação física Não pode ser emprestado Biblioteca de origem Biblioteca atual Data de aquisição Total de empréstimos Número de chamada completo Código de barras Data de último acesso Data do último empréstimo Data do preço efetivo Tipo de material Koha
        Colégio Anchieta - Bela Vista Colégio Anchieta - Bela Vista 21/11/2023   028.5 B214a BAN MEN 2455/BEL 21/11/2023   21/11/2023 Livros
        Colégio São Paulo Colégio São Paulo 21/11/2023   028.5 BAN MEN 4268/ITA 21/11/2023   21/11/2023 Livros
        Colégio Anchieta - Bela Vista Inspira 21/11/2023 1 028.5 B214a BAN MEN 164/BEL 21/11/2023 21/11/2023 21/11/2023 Livros